Normal view
MARC view
Entry Topical Term
001 - CONTROL NUMBER
- control field: 19543
003 - CONTROL NUMBER IDENTIFIER
- control field: OSt
005 - DATE AND TIME OF LATEST TRANSACTION
- control field: 20260224121546.0
008 - FIXED-LENGTH DATA ELEMENTS
- fixed length control field: 260224|| aca||aabn | a|a d
040 ## - CATALOGING SOURCE
- Original cataloging agency: OSt
- Transcribing agency: OSt
150 ## - HEADING--TOPICAL TERM
- Topical term or geographic name entry element: Contract administration
670 ## - SOURCE DATA FOUND
- Source citation: Work cat.: (OSt)9604: Lynch, Jorge A. 19542, Public Procurement and Contract Administration: a brief introduction
